000 00663nam a2200277Ia 4500
005 20260324114117.0
008 008 260324s9999 xx 000 0 eng d
020 _a9781003439165
037 _aEBOOK
040 _aCRL
040 _beng
040 _cCRL
041 _2eng
041 _aeng
084 _qCRL
100 _aNikolay L. Kazanskiy
_91149475
245 0 _aPhotonics Elements for Sensing and Optical Conversions
260 _bTaylor and Francis
260 _c2023
365 _a
365 _b275
856 _uhttp://www.taylorfrancis.com/books/9781003439165
942 _cEBOOK
999 _c1739475
_d1739475